| 000 | 00687nam a22002057a 4500 | ||
|---|---|---|---|
| 999 |
_c5851 _d5851 |
||
| 003 | AR-CdUCM | ||
| 008 | 190313b ||||| |||| 00| 0 spa d | ||
| 040 |
_aMUNICIPALIDAD PROVINCIAL DEL CUSCO _cBIBLIOTECA MUNICIPAL DEL CUSCO |
||
| 041 | _hita | ||
| 082 |
_23ed. _a858.9 / _bB47 |
||
| 100 |
_aBetti, Ugo _917301 |
||
| 245 |
_aTeatro : _bMarido y mujer. Delito en la isla de las cabras. Lucha hasta el alba. Corrupción en el palacio de justicia / |
||
| 260 |
_aBuenos Aires : _bLosada, _c1961. |
||
| 300 |
_a267 pƔginas ; _c20 cm. |
||
| 650 |
_aTeatro infantil _912316 |
||
| 650 |
_aSiglo XX _98 |
||
| 700 |
_aDabini, Attilio (traductor) _917302 |
||
| 942 |
_2ddc _cLIBROS |
||
| 945 | _azta | ||